| 000 | 00646nam a22002177a 4500 | ||
|---|---|---|---|
| 005 | 20161006164414.0 | ||
| 010 | _aENG-116184 | ||
| 020 |
_a9789385329067 _c275.00 |
||
| 035 | _aEN-99716 | ||
| 037 | _bDBAD/PUB | ||
| 082 | _a658 | ||
| 100 | _aR.K. Singh | ||
| 245 |
_aOrganizational commitment / _cBy R.K. Singh, C.S. Sharma [and] Rajni Hira |
||
| 260 |
_aDelhi _bShree Kala Prakashan _c2015 |
||
| 270 |
_a42/43,U.B. Jawahar Nagar _bDelhi _e110007 |
||
| 300 |
_avii,117p. _c21cm(pbk) |
||
| 500 | _aIncludes bibliographical references | ||
| 700 | _aSharma , C.S. | ||
| 700 | _a Rajni Hira | ||
| 942 |
_2ddc _cEN _h658 _mSIN |
||
| 999 |
_c103912 _d103912 |
||